Najpopularniejsze piosenki White 2115 - Statystyki

Ogólne statystyki
  • Ten quiz został rozwiązany 55 razy
  • Średni wynik to 7 z 15
Statystyki odpowiedzi
Miliony Piosenki % Poprawnych
116 California
100%
35 Morgan
83%
25 Riri
65%
22 Rockstar
63%
15 18
60%
39 La vida loca
52%
38 Nowi kumple
50%
24 Pałac
48%
11 Papieros
44%
19 Do zachodu słonca
38%
11 Sen
31%
12 Trzy butelki
29%
11 Jesteśmy tu
27%
11 Porsche
27%
10 Broly
25%
Nie znaleziono quizów pasujących do podanych kryteriów
Rozkład punktacji
Procent ludzi z każdym wynikiem
Percentyl według liczby udzielonych odpowiedzi
Twoja historia wyników
Nie rozwiązałeś tego quizu